دليل الرسائل الجامعية في جامعة النجاح الوطنية / (رقم التسجيلة. 113217)
[ عرض عادي ]
| 000 -الفاتح | |
|---|---|
| عناصر البيانات ثابتة الطول | 00636cam a2200157 i 4500 |
| 005 - تاريخ ووقت آخر معاملة | |
| حقل ضبط | 20251108174610.0 |
| 008 - عناصر البيانات ثابتة الطول | |
| عناصر البيانات ثابتة الطول | 250721s1995 gr 000 0 ara d |
| 082 14 - رقم تصنيف ديوي العشري | |
| رقم التصنيف | 011.75 |
| رقم المادة | د ي ه |
| 100 1# - مدخل رئيسي – اسم شخصي | |
| الاسم الشخصي | أبو دية، خالد حافظ |
| علاقة الشخص بالعمل/ دوره | مؤلف. |
| 245 10 - بيان العنوان | |
| العنوان | دليل الرسائل الجامعية في جامعة النجاح الوطنية / |
| بيان المسؤولية | تاليف خالدحافظ ابو دية. |
| 264 31 - بيانات النشر، التوزيع…إلخ | |
| مكان النشر، التوزيع...إلخ | نابلس : |
| اسم الناشر، الموزع...إلخ | مركز التوثيق و المخطوطات و النشر، |
| تاريخ النشر، التوزيع...إلخ | 1995. |
| 650 17 - مدخل إضافي بالموضوع - مصطلح موضوعي | |
| مصطلح موضوعي أو اسم جغرافي كعنصر مدخل | الببلوغرافيا. |
| 650 17 - مدخل إضافي بالموضوع - مصطلح موضوعي | |
| مصطلح موضوعي أو اسم جغرافي كعنصر مدخل | الرساال الجامعيه. |
| 942 ## - بيانات إضافية (كوها) | |
| نوع التنصيف | Dewey Decimal Classification |
| نوع المادة (كوها) | كتب |
| حالة السحب | حالة الفقدان | مصدر التصنيف | حالة التلف | غير قابل للإعارة | المكتبة الرئيسية | المكتبة الحالية | موقع الرف | تاريخ التزويد | الرقم المتسلسل | Total Checkouts | رقم الإستدعاء | الباركود | تاريخ آخر ظهور | تاريخ الفاتورة | نوع المادة (كوها) |
|---|---|---|---|---|---|---|---|---|---|---|---|---|---|---|---|
| Dewey Decimal Classification | المكتبة المركزية | المكتبة المركزية | الإعارة | 27/07/2008 | 322985 | 011.75 / د ي ه | PLD00031211 | 28/07/2025 | 27/07/2008 | كتب |